| 000 | 00680nam a2200181Ia 4500 | ||
|---|---|---|---|
| 008 | 090124s9999 xx 000 0 und d | ||
| 082 | _b25650 | ||
| 100 | _aथत्ते यदुनाथ | ||
| 245 | _a आपला मान : आपला अभिमान भाग 1 ला | ||
| 250 | _a0 | ||
| 260 |
_bसाकेत प्रकाशन _c1986 |
||
| 300 | _a72 | ||
| 600 | _aथत्ते यदुनाथ | ||
| 630 | _a आपला मान : आपला अभिमान भाग 1 ला | ||
| 700 | _aथत्ते यदुनाथ | ||
| 730 | _a आपला मान : आपला अभिमान भाग 1 ला | ||
| 942 | _cBOOK | ||
| 999 |
_c93533 _d93533 |
||